| 000 | 00652nam a2200217 i 4500 | ||
|---|---|---|---|
| 001 | 44044 | ||
| 003 | ES-MaACL | ||
| 005 | 20250529131007.0 | ||
| 007 | t| | ||
| 008 | 030320s1958 sp ||||1| spa d | ||
| 100 | 1 |
_aCesbron, Gilbert. _937680 |
|
| 245 | 1 | 0 |
_aNuestra prisión en un reino / _cGilbert Cesbron ; [versión española de Mariano Tudela]. |
| 250 | _a[1ª ed.]. | ||
| 260 |
_aBarcelona : _bLuis de Caralt, _c[1958] ( _fSalvadó) |
||
| 300 |
_a283 p. ; _c20 cm. |
||
| 490 | 1 | _aGigante | |
| 700 | 1 |
_aTudela, Mariano, _d1925-2001 _9111632 |
|
| 830 | 0 |
_aGigante _9181050 |
|
| 852 |
_aES-MaACL _jC-14874 _bR.42878 |
||
| 999 |
_c44044 _d44044 |
||